000 00777nam a22002297a 4500
005 20170309161850.0
010 _a1617EN ENG-117169
020 _a9781316616024
_c995.00
035 _aB-649994-007
035 _aEN-100701
037 _bUPPAL
037 _bDBAD/PUB
082 _a341
100 _aShaw, Malcolm N.
245 _aInternational law /
_cby Malcolm N Shaw
250 _a7th ed
260 _aDelhi
_bCambridge University press
_c2016
270 _a4843/24, 2nd floor, ansari road, daryaganj
_bDelhi
_e110002
300 _axxxv,981p.
_b27cm(pbk)
942 _2ddc
_cEN
_h341
_mSHA
999 _c102528
_d102528